Library Banner

مسلم ریاست جدید کیسے بنے (Record no. 84074)

MARC details
000 -LEADER
fixed length control field 00502nam a22001457a 4500
005 - DATE AND TIME OF LATEST TRANSACTION
control field 20160303122000.0
008 - FIXED-LENGTH DATA ELEMENTS--GENERAL INFORMATION
fixed length control field 160303b xxu||||| |||| 00| 0 eng d
040 ## - CATALOGING SOURCE
Transcribing agency PK-LaUMT
082 ## - DEWEY DECIMAL CLASSIFICATION NUMBER
Classification number MMC 954.91
Item number MEH-M
100 ## - MAIN ENTRY--PERSONAL NAME
Personal name محمود مرزا
245 ## - TITLE STATEMENT
Title مسلم ریاست جدید کیسے بنے
Remainder of title معاشرتی رویوں کے فکری اور کلچرل پہلووں پر ایک نظر
Statement of responsibility, etc محمود مرزا
260 ## - PUBLICATION, DISTRIBUTION, ETC. (IMPRINT)
Place of publication, distribution, etc لاہور
Name of publisher, distributor, etc دارالتذکیر
Date of publication, distribution, etc 2005
300 ## - PHYSICAL DESCRIPTION
Extent 166 ص
942 ## - ADDED ENTRY ELEMENTS (KOHA)
Koha item type Books
Holdings
Withdrawn status Lost status Damaged status Home library Current library Date acquired Full call number Barcode Date last seen Price effective from Koha item type
      UMT Main Campus UMT Main Campus 2016-03-03 MMC 954.91 MEH-M 95935 2016-03-03 2016-03-03 Books